00511nam a2200181Ia 450000500170000000800410001702000150005808200130007310000190008624500400010526000330014530000130017865000100019165000120020194200060021395200950021999900150031420241118054826.0240331s9999 xx 000 0 und d a140003180X bMCCa823 aMccallsmith, A 4aThe Kalahari Typing School for Men  aNew YorkbAnchor Booksc2004 a191 p ., aWomen aFiction cL 001040708LaWERCLbWERCLcSSCd2024-03-31l0o 823 MCCp6747r2024-03-31w2024-03-31yL c5703d5703